The Australian party system.

Bibliographic Details
Main Author: Overacker, Louise, 1891-
Format: Book
Language:English
Published: New Haven : Published for Wellesley College by Yale University Press, 1952.
Subjects:

MARC

Tag First Indicator Second Indicator Subfields
LEADER 00000cam a2200000 4500
001 in00000058274
005 20151008051520.0
008 750902s1952 ctu b 00000 eng
010 |a  52009270  
035 |a (OCoLC)01591561 
035 |9 AAG8388AM 
040 |a DLC  |c TOL  |d TOL  |d TXA  |d UtOrBLW 
049 |a TXAM  |c [217802] 
050 0 |a JQ4098.A1  |b O9 
092 |a 329.994  |b O96a 
100 1 |a Overacker, Louise,  |d 1891- 
245 1 4 |a The Australian party system. 
264 1 |a New Haven :  |b Published for Wellesley College by Yale University Press,  |c 1952. 
300 |a xiii, 373 pages :  |b illustrations, map (on lining papers) ;  |c 25 cm. 
336 |a text  |b txt  |2 rdacontent 
337 |a unmediated  |b n  |2 rdamedia 
338 |a volume  |b nc  |2 rdacarrier 
504 |a Bibliography: pages 342-359. 
650 0 |a Political parties  |z Australia. 
999 |a MARS 
999 f f |s 53335154-d357-3edf-b02a-44ca4d2fe184  |i 3ab0e8b3-941d-379d-b5d4-b455a4ba74dd  |t 0 
952 f f |p ric  |a Texas A&M University  |b Rellis Campus  |c Joint Library Facility  |d Remote Storage  |t 0  |e JQ4098.A1 O9  |h Library of Congress classification  |i unmediated -- volume  |m A14800684877 
998 f f |a JQ4098.A1 O9  |t 0  |l Remote Storage